000 00449nam a2200181Ia 4500
001 18477
003 IN-NITTTR
005 20251114233215.0
008 251113s9999||||xx |||||||||||||| ||eng||
040 _beng
040 _cIN-NITTTR
041 _aeng
082 _a300.72 A59M
100 _aAdler, Patricia A.
245 0 _aMembership roles in field research /
_cAdler, Patricia A., Adler, Peter
700 _a Adler, Peter
942 _2ddc
_cBK
999 _c21111
_d21111